La niña que parecía de agua / (Registro nro. 58490)
[ vista simple ]
| 000 -CABECERA | |
|---|---|
| campo de control de longitud fija | 01509nab a2200301 a 4500 |
| 005 - FECHA Y HORA DE LA ÚLTIMA TRANSACCIÓN | |
| campo de control | 20250321073607.0 |
| 007 - CAMPO FIJO DE DESCRIPCIÓN FÍSICA--INFORMACIÓN GENERAL | |
| campo de control de longitud fija | ta |
| 008 - DATOS DE LONGITUD FIJA--INFORMACIÓN GENERAL | |
| campo de control de longitud fija | 250320e2002 dr un|p|r||||||0| | spa d |
| 040 ## - FUENTE DE LA CATALOGACIÓN | |
| Centro catalogador/agencia de origen | DO-SdBNP |
| Centro/agencia transcriptor | BNPHU |
| Normas de descripción | rda |
| 041 ## - CÓDIGO DE LENGUA | |
| Código de lengua original | spa |
| 100 1# - ENTRADA PRINCIPAL--NOMBRE DE PERSONA | |
| Nombre de persona | Peralta Romero, Rafael, |
| Fechas asociadas al nombre | 1948- |
| Término indicativo de función/relación | autor |
| 9 (RLIN) | 79774 |
| 222 ## - TÍTULO CLAVE | |
| Título clave | Cuento |
| 245 ## - MENCIÓN DE TÍTULO | |
| Título | La niña que parecía de agua / |
| Mención de responsabilidad, etc. | Rafael Peralta Romero. |
| 264 ## - PRODUCCIÓN, PUBLICACIÓN, DISTRIBUCIÓN, FABRICACIÓN Y COPYRIGHT | |
| Producción, publicación, distribución, fabricación y copyright | Santo Domingo, República Dominicana : |
| Nombre del de productor, editor, distribuidor, fabricante | Clodomiro Moquete, |
| Fecha de producción, publicación, distribución, fabricación o copyright | 2002. |
| 300 ## - DESCRIPCIÓN FÍSICA | |
| Extensión | página, 3 : |
| Otras características físicas | ilustraciones ; |
| Dimensiones | 29 cm. |
| 310 ## - PERIODICIDAD ACTUAL | |
| Periodicidad actual | Mensual. |
| 336 ## - TIPO DE CONTENIDO | |
| Término de tipo de contenido | texto |
| Código de tipo de contenido | txt |
| Fuente | rdacontent |
| 337 ## - TIPO DE MEDIO | |
| Nombre/término del tipo de medio | sin mediación |
| Código del tipo de medio | n |
| Fuente | rdamedia |
| 338 ## - TIPO DE SOPORTE | |
| Nombre/término del tipo de soporte | volumen |
| Código del tipo de soporte | nc |
| Fuente | rdacarrier |
| 362 ## - FECHAS DE PUBLICACIÓN Y/O DESIGNACIÓN SECUENCIAL | |
| Fecha de publicación y/o designación secuencial | Año.1: no.3 (mar. 1994). |
| 500 ## - NOTA GENERAL | |
| Nota general | Este es el primero de varios cuentos de niños que el reconocido escritor Rafael Peralta Romero entrega para el público de nuestra revista. Mil gracias. |
| 500 ## - NOTA GENERAL | |
| Nota general | El escritor Rafael Peralta Romero, es el actual director de la Biblioteca Nacional Pedro Henríquez Ureña, BNPHU. |
| 520 ## - SUMARIO, ETC. | |
| Sumario, etc. | Melancólica, frente al río, la niña llovía lágrimas. Se apoyaba en la piedra alta y pulida, como si se recostara en el tronco de un árbol. Tanto lloraba que parecía que con sus lágrimas quisiera aumentar el caudal del río... |
| 650 #0 - PUNTO DE ACCESO ADICIONAL DE MATERIA--TÉRMINO DE MATERIA | |
| Término de materia o nombre geográfico como elemento de entrada | Cuento |
| 9 (RLIN) | 82713 |
| Subdivisión de forma | Publicación periódica |
| Subdivisión geográfica | República Dominicana |
| 650 #0 - PUNTO DE ACCESO ADICIONAL DE MATERIA--TÉRMINO DE MATERIA | |
| Término de materia o nombre geográfico como elemento de entrada | Literatura infantil dominicana |
| 9 (RLIN) | 73308 |
| Subdivisión de forma | Publicación periódica |
| 773 0# - ENLACE AL DOCUMENTO FUENTE/ENTRADA DE REGISTRO ANFITRIÓN | |
| Número bibliográfico anfitrión | 37028 |
| Número de ítem anfitrión | 284195 |
| Otro identificador del documento | 37538-9-61-1 |
| Título | Vetas : |
| Número de control del registro | (DO-SdBNP)000037538 |
| 942 ## - ELEMENTOS DE PUNTO DE ACCESO ADICIONAL (KOHA) | |
| Fuente del sistema de clasificación o colocación | Dewey Decimal Classification |
| Tipo de ítem Koha | Publicación periódica |
No hay ítems disponibles.
